EFFICIENT HARDWARE IMPLEMENTATION OF CRYPTOGRAPHIC PRIMITIVES ON FIELD PROGRAMMABLE GATE ARRAY / (Record no. 535356)

000 -LEADER
fixed length control field 00627nam a22001697a 4500
020 ## - INTERNATIONAL STANDARD BOOK NUMBER
Qualifying information Hard Cover.
082 ## - DEWEY DECIMAL CLASSIFICATION NUMBER
Classification number 200
100 ## - MAIN ENTRY--PERSONAL NAME
Personal name Kundi, Dur-e-Shahwar
245 ## - TITLE STATEMENT
Title EFFICIENT HARDWARE IMPLEMENTATION OF CRYPTOGRAPHIC PRIMITIVES ON FIELD PROGRAMMABLE GATE ARRAY /
Remainder of title Dur-e-Shahwar Kundi,
260 ## - PUBLICATION, DISTRIBUTION, ETC.
Place of publication, distribution, etc. Karachi :
Name of publisher, distributor, etc. PNEC - NUST,
Date of publication, distribution, etc. 2016.
300 ## - PHYSICAL DESCRIPTION
Extent xvi, 182 p. : ill. ;
Dimensions 30,cm.
650 ## - SUBJECT ADDED ENTRY--TOPICAL TERM
Topical term or geographic name entry element PhD-Electrical Engineering
700 ## - ADDED ENTRY--PERSONAL NAME
Personal name Supervisor:Dr. Arshad Azaz.
856 ## - Uniform Resource Identifier
Uniform Resource Identifier <a href=" http://10.250.8.41:8080/xmlui/handle/123456789/26518"> http://10.250.8.41:8080/xmlui/handle/123456789/26518</a>
942 ## - ADDED ENTRY ELEMENTS (KOHA)
Source of classification or shelving scheme
Koha item type Soft Copy
650 ## - SUBJECT ADDED ENTRY--TOPICAL TERM
-- 84162
700 ## - ADDED ENTRY--PERSONAL NAME
-- 124426
Holdings
Withdrawn status Lost status Source of classification or shelving scheme Damaged status Not for loan Permanent Location Current Location Shelving location Date acquired Full call number Barcode Date last seen Price effective from Koha item type
          Central Library (CL) Central Library (CL) Thesis 09/04/2020 621.3 CLPT-237 09/04/2020 09/04/2020 Thesis
          Central Library (CL) Central Library (CL) Thesis 09/21/2020 621.3 CLPT-236 09/21/2020 09/21/2020 Thesis
© 2023 Central Library, National University of Sciences and Technology. All Rights Reserved.